ბათუმის შოთა რუსთაველის სახელმწიფო უნივერსიტეტის ბიბლიოთეკა

მოვალეობათა შესახებ = De officiis : (ბიბ.ჩანაწერი № 55071)

000 -ლიდერი
ფიქსირებული სიგრძის საკონტროლო ველი 02076nam a2200325Ia 4500
001 - საკონტროლო ნომერი
საკონტროლო ველი 22146
003 - საკონტროლო ნომრის იდენტიფიკატორი
საკონტროლო ველი GE_BSU
005 - ბოლო ოპერაციის თარიღი და დრო
საკონტროლო ველი 20221205172200.0
008 - ფიქსირებული სიგრძის მონაცემთა ელემენტები - ზოგადი ინფორმაცია
ფიქსირებული სიგრძის საკონტროლო ველი 181216s ||||ge |||||||||||||| ||geo||
020 ## - წიგნის საერთაშორისო სტანდარტული ნომერი
International Standard Book Number 9789941468018
040 ## - კატალოგიზაციის წყარო
Transcribing agency GE_BSU
041 ## - ენის კოდი
Language code of text/sound track or separate title geo
080 ## - უნივერსალური ათობითი კლასიფიკაციის ინდექსი
Universal Decimal Classification number 1(37) ც-77
100 ## - მთავარი ჩანაწერი - პიროვნების სახელი
Personal name ციცერონი, მარკუს ტულიუს
9 (RLIN) 15557
245 ## - ცნობა სათაურის შესახებ
Title მოვალეობათა შესახებ = De officiis :
Remainder of title [ტრაქტატი] /
Statement of responsibility, etc ლათინურიდან თარგმნა, შესავალი წერილი, შენიშვნები და სახელთა საძიებელი დაურთო იამზე გაგუამ ; რედაქტორი გვანცა კოპლატაძე ; ყდის დიზაინი ალეკო ჯიქურიძე.
264 ## - წარმოების, გამოცემის, დისტრიბუციის და სხვა ცნობები
გამოცემის, წარმოების, დისტრიბუციის... ადგილი თბილისი :
გამოცემის, წარმოების, დისტრიბუციის... სახელწოდება ლოგოსი,
გამოცემის, წარმოების, დისტრიბუციის... თარიღი 2016.
300 ## - ფიზიკური აღწერა
Extent 195 გვ. ;
Dimensions 20 სმ.
490 ## - სერიის ცნობა
Series statement პროგრამა ”ლოგოსი” : პუბლიკაციები და ღონისძიებები კლასიკური ფილოლოგიის, ბიზანტინისტიკისა და ნეოგრეცისტიკის სფეროში
500 ## - ზოგადი შენიშვნა
General note შენიშვნები გვ. : 171-182
500 ## - ზოგადი შენიშვნა
General note სახელთა საძიებელი გვ. : 183-194
653 ## - INDEX TERM--UNCONTROLLED
Uncontrolled term მოვალეობათა შესახებ = De officiis
653 ## - INDEX TERM--UNCONTROLLED
Uncontrolled term [ტრაქტატი]
653 ## - INDEX TERM--UNCONTROLLED
Uncontrolled term რომაული ფილოსოფია
653 ## - INDEX TERM--UNCONTROLLED
Uncontrolled term ფილოსოფია
700 ## - ADDED ENTRY--PERSONAL NAME
Personal name გაგუა, იამზე
Relator term ლათინურიდან თარგმნა
9 (RLIN) 16343
700 ## - ADDED ENTRY--PERSONAL NAME
Personal name კოპლატაძე, გვანცა
Relator term რედაქტორი
9 (RLIN) 16344
700 ## - ADDED ENTRY--PERSONAL NAME
Personal name ჯიქურიძე, ალეკო
Relator term ყდის დიზაინი
9 (RLIN) 13951
942 ## - ADDED ENTRY ELEMENTS (KOHA)
Koha item type წიგნი
Source of classification or shelving scheme
ეგზემპლარები
ჩამოწერის სტატუსი დაკარგული ეგზემპლარის სტატუსი კლასიფიკაციის წყარო ან თაროზე გაწყობის სქემა დაზიანების სტატუსი არ გაიცემა მუდმივი მდებარეობა (დაცვის ადგილი) ამჟამინდელი ადგილსამყოფელი თაროზე განთავსების ადგილი შეძენის თარიღი ღირებულება, შესყიდვის ნორმალური ფასი სრული შენახვის შიფრი შტრიხკოდი ბოლო ოპერაციის თარიღი ეგზემპლარის მიმდევრობითი ნომერი (კეტერი?) ფასის ძალაში შესვლის თარიღი ეგზემპლარის სახეობა საჯარო შენიშვნა
          ბათუმის შოთა რუსთაველის სახელმწიფო უნივერსიტეტის მთავარი ბიბლიოთეკა ბათუმის შოთა რუსთაველის სახელმწიფო უნივერსიტეტის მთავარი ბიბლიოთეკა წიგნსაცავი 2018-12-17 12.00 1(37) ც-77 57112 2018-12-17 57112 2018-12-17 წიგნი 12.00 ₾.
          ბათუმის შოთა რუსთაველის სახელმწიფო უნივერსიტეტის მთავარი ბიბლიოთეკა ბათუმის შოთა რუსთაველის სახელმწიფო უნივერსიტეტის მთავარი ბიბლიოთეკა წიგნსაცავი 2018-12-17 12.00 1(37) ც-77 57113 2018-12-17 57113 2018-12-17 წიგნი 12.00 ₾.
          ბათუმის შოთა რუსთაველის სახელმწიფო უნივერსიტეტის მთავარი ბიბლიოთეკა ბათუმის შოთა რუსთაველის სახელმწიფო უნივერსიტეტის მთავარი ბიბლიოთეკა წიგნსაცავი 2018-12-17 12.00 1(37) ც-77 57114 2018-12-17 57114 2018-12-17 წიგნი 12.00 ₾.
          ბათუმის შოთა რუსთაველის სახელმწიფო უნივერსიტეტის მთავარი ბიბლიოთეკა ბათუმის შოთა რუსთაველის სახელმწიფო უნივერსიტეტის მთავარი ბიბლიოთეკა წიგნსაცავი 2023-03-10 12.00 1(37) ც-77 57563 2023-03-10 57563 2023-03-10 წიგნი 12.00 ₾.
          ბათუმის შოთა რუსთაველის სახელმწიფო უნივერსიტეტის მთავარი ბიბლიოთეკა ბათუმის შოთა რუსთაველის სახელმწიფო უნივერსიტეტის მთავარი ბიბლიოთეკა წიგნსაცავი 2023-03-10 12.00 1(37) ც-77 57564 2023-03-10 57564 2023-03-10 წიგნი 12.00 ₾.
          ბათუმის შოთა რუსთაველის სახელმწიფო უნივერსიტეტის მთავარი ბიბლიოთეკა ბათუმის შოთა რუსთაველის სახელმწიფო უნივერსიტეტის მთავარი ბიბლიოთეკა წიგნსაცავი 2023-03-10 12.00 1(37) ც-77 57565 2023-03-10 57565 2023-03-10 წიგნი 12.00 ₾.